01105nam a2200217 i 450000100060000000300090000600500170001500700030003200800410003510000390007624502320011526000720034730000210041950502050044053000350064565000160068070000380069671000400073485200240077485600890079820984ES-MaACL20230906152409.0t|021120s1879 sp ||||1| spa d1 aRodriguez Rubí y Pacheco, Angel.10aDiscursos leídos en la sesión inaugural del año académico de 1878-79 de la Sociedad Ginecológica Española, verificada el día 2 de febrero de 1879 / cpor Angel Rodríguez Rubí y Pacheco, y Gabriel de Alarcón. aMadrid : b[s.n.], c1879 (fImp. de Alejandro Gómez Fuentenebro) a56 p. ; c25 cm.8 aContiene: el discurso "Reseña de los trabajos verificados por la Sociedad en el curso anterior", del Sr. Rodríguez Rubí y el del Sr. Alarcón sobre "La menospausia o edad crítica de la mujer" aDisponible en formato digital. 4aMenopausia.1 aAlarcón y Casanova, Gabriel de.2 aSociedad Ginecológica Española. aES-MaACLjT-843-F-4 uhttp://bdh-rd.bne.es/viewer.vm?id=0000118017&page=1 zBiblioteca Digital Hispánica